00752 2200181 4500245011500000020002200115250001100137100002200148700001400170650001700184005001900201260003500220041001400255084000800269300002400277500026000301336000900561 aPaquita dan Pangeran Bianglala b : Bagaimana Jika Kamu Tahu Jodohmu di Masa Depan ?cCitra Rizcha MayahText a978-602-1637-07-4 aCet. 1 aCitra Rizcha Maya aHP Melati aNovel Remaja a20231004075342 aBandungbPenerbit Qanitac2013 aIndonesia a813 a144 hlm. :c20.5 cm ajudul: Paquita dan pangeran bianglalapaquita mendapat kado tak terduga ketika berulang tahun kesembilan. Pangeran biianglala. Darinya , paquita menerima sebuah cincin yang kebesaran untuk jarinya, serta janji bahwa mereka akan bertemu di masa depan nanti. atext